• 首页
  • 本馆介绍
  • 公告通知
  • 最新文献
  • 馆藏检索
  • 电子资源
  • 读者导购
  • 参考咨询
  • 我的图书馆
  • 登录
  • 详细信息显示
  • 放入我的书架
  • 预约/预借图书
  • 作者相关作品
  • 分类相关作品
  • 丛书相关作品
  • 出版社相关作品

书目信息

  • 表格格式
  • 工作单格式
  • 卡片格式
题名:
核反应堆控制及仪表使用
    
 
作者: 鲍温 , 麦斯特 著 ;幼南 译
分册:  
出版信息: 上海   上海科学技术出版社  1964
页数: 93页
开本: 20cm
丛书名: 核工程丛书
单 册:
中图分类: TL3
科图分类:
主题词: 反应堆--核工程
电子资源:
ISBN:
000 00737nam0 2200241 450
001 0639713356
005 20060405110504.46
010    @dCNY0.55
100    @a20060405d1964 km y0chiy0120 ea
101 0  @achi
102    @aCN@b310000
200 1  @a核反应堆控制及仪表使用@Ahe fan ying dui kong zhi ji yi biao shi yong@fJ·H·鲍温,E·F·O·麦斯特著@FJ·H·bao wen,E·F·O·mai si te zhu@g幼南译@Gyou nan yi
210    @a上海@c上海科学技术出版社@d1964
215 1  @a93页@d20cm
225 2  @a核工程丛书
410  0 @12001 @a核工程丛书
606 0  @a反应堆@x核工程
690    @aTL3@v4
701  0 @a鲍温@Abao wen@4著
701  0 @a麦斯特@Amai si te@4著
702  0 @a幼南@Ayou nan@4译
801  0 @aCN@bPFT@c20060405
905    @a10447@dTL3@e2:5
    
    核反应堆控制及仪表使用/J·H·鲍温,E·F·O·麦斯特著/幼南译.-上海:上海科学技术出版社,1964
    93页;20cm.-(核工程丛书)
    
    
    ISBN :CNY0.55
    
●
相关链接 在E读中查询图书 在五车中查询图书 在当当中查询图书 在豆瓣中查询图书


正题名:核反应堆控制及仪表使用     索取号:TL3/2:5         预约/预借

序号 登录号 条形码 馆藏地/架位号 状态 备注
1 0018066   202229409   密集书库/ [索取号:TL3/2:5] 在馆    
唐山师范学院图书馆 欢迎您!
大连网信软件有限公司© 版权所有